| 000 | 00521cam a2200193ua 4500 | ||
|---|---|---|---|
| 001 | 9720 | ||
| 008 | 160806n ii |||gr||||Z||||||asm | ||
| 040 | _cMAIN | ||
| 041 | _aasm | ||
| 082 | _a491.451 | ||
| 100 |
_aNeog, Maheswar, _eAuthor. |
||
| 245 |
_aViswavidyalay, bhasa, bhasan aru bhraman _cby Maheswar Neog |
||
| 250 | _a1st ed. | ||
| 260 |
_aGauhati University: _bService book sellers, _c1974. |
||
| 300 | _a242p. | ||
| 653 | _aEast Indo-European & Celtic languages | ||
| 653 | _aAssamese language | ||
| 942 | _cBK | ||
| 999 |
_c8733 _d8733 |
||